Statistics for Flags of the Eight-Nation Alliance

Click here to take the quiz!

General Stats

  • This quiz has been taken 31 times
  • The average score is 7 of 8

Answer Stats

Answer% Correct
France
100%
United States
97%
Germany
93%
Italy
93%
United Kingdom
93%
Austria-Hungary
90%
Japan
90%
Russia
59%

Score Distribution

Percentile by Number Answered

Percent of People with Each Score

Your Score History

You have not taken this quiz